| 000 | 00342nam a2200121Ia 4500 | ||
|---|---|---|---|
| 005 | 20251222141809.0 | ||
| 008 | 251222s9999||||xx |||||||||||||| ||spa|| | ||
| 082 | _a338.98/F16 | ||
| 100 | _aFairlie Reinoso, Alan | ||
| 245 | 0 | _aAlgunos Indicadores de las Asimetrias entre la Comunidad Andina y la Unión Europea | |
| 264 | _bCEDAL | ||
| 942 | _cLIB | ||
| 999 |
_c6406 _d6406 |
||